000
00202 a2200097 4500
001
29052
100
_a
Erodelyi A
245
_a
Operational calculus
260
_a
_b
Rinehart
_c
090
_c
19403
_d
19403
942
_a
NUST-CAE
_c
M
_c
10451
999
_c
264125
_d
264125